Giáo trình chăn nuôi trâu bò Dùng cho các trường trung học chuyên nghiệp
Các kiến thức lý thuyết cơ bản về chăn nuôi trâu bò: nguồn gốc trâu bò và đặc điểm trâu bò Việt Nam; Đặc điểm giải phẫu sinh lý và khả năng sản xuất của trâu bò; Một số giống trâu bò và biện pháp quản lý giống; Thức ăn và cách chăn nuôi trâu bò sinh sản, lấy sữa, thịt...
Gespeichert in:
| Körperschaft: | |
|---|---|
| Weitere Verfasser: | |
| Sprache: | Undetermined |
| Veröffentlicht: |
Hà Nội
Nxb. Hà Nội
2005
|
| Schlagworte: | |
| Tags: |
Tag hinzufügen
Keine Tags, Fügen Sie den ersten Tag hinzu!
|
| Thư viện lưu trữ: | Trung tâm Học liệu Trường Đại học Trà Vinh |
|---|
| LEADER | 01117nam a2200253Ia 4500 | ||
|---|---|---|---|
| 001 | TVU_2321 | ||
| 008 | 210423s9999 xx 000 0 und d | ||
| 041 | |a Vie | ||
| 082 | |a 636.2 | ||
| 082 | |b C561 | ||
| 245 | 0 | |a Giáo trình chăn nuôi trâu bò | |
| 245 | 0 | |b Dùng cho các trường trung học chuyên nghiệp | |
| 245 | 0 | |c Vũ Chí Cương (chủ biên) ... [và những người khác] | |
| 260 | |a Hà Nội | ||
| 260 | |b Nxb. Hà Nội | ||
| 260 | |c 2005 | ||
| 300 | |a 147 tr. | ||
| 300 | |c 24 cm | ||
| 504 | |a Thư mục tham khảo: tr.145 | ||
| 520 | |a Các kiến thức lý thuyết cơ bản về chăn nuôi trâu bò: nguồn gốc trâu bò và đặc điểm trâu bò Việt Nam; Đặc điểm giải phẫu sinh lý và khả năng sản xuất của trâu bò; Một số giống trâu bò và biện pháp quản lý giống; Thức ăn và cách chăn nuôi trâu bò sinh sản, lấy sữa, thịt | ||
| 650 | |a Chăn nuôi; Trâu; bò | ||
| 700 | |a Vũ Chí Cương | ||
| 710 | |a Sở Giáo dục và Đào tạo Hà Nội | ||
| 980 | |a Trung tâm Học liệu Trường Đại học Trà Vinh | ||